Digital literacies : (رقم التسجيلة. 35208)

تفاصيل مارك
000 -الفاتح
حقل البيانات ثابتة الطول 01241nam a22003257a 4500
003 - محدد رقم الضبط
رقم الضبط OSt
005 - وقت وتاريخ اخر تعامل مع التسجيلة
رقم الضبط 20150408114219.0
008 - عناصر البيانات ثابتة الطول - معلومات عامة
حقل البيانات ثابتة الطول 140519s2013 enka g b 001 0 eng d
020 ## - الرقم الدولى المعيارى للكتب
الرقم الدولى المعيارى للكتاب 9781408296899
020 ## - الرقم الدولى المعيارى للكتب
الرقم الدولى المعيارى للكتاب الملغى /الخاطئ 9780273783329 (PDF)
020 ## - الرقم الدولى المعيارى للكتب
الرقم الدولى المعيارى للكتاب الملغى /الخاطئ 9780273786146 (etext)
040 ## - مصدر الفهرسة
وكالة الفهرسة الأصلية Ma-Un
082 00 - رقم تصنيف ديوى العشرى
رقم الطبعة 22
رقم التصنيف 302.231071
رقم المادة DGD
100 ## - المدخل الرئيسى - إسم شخصى
الإسم الشخصى Dudeney, Gavin,
التواريخ المصاحبة للاسم 1964-
9 (RLIN) 45441
245 10 - بيان العنوان
العنوان Digital literacies :
بقية العنوان research and resources in language teaching /
بيان المسئوليه,etc Gavin Dudeney, Nicky Hockly, Mark Pegrum.
250 ## - بيان الطبعة
بيان الطبعة 1st. ed.
260 ## - PUBLICATION, DISTRIBUTION, ETC. (IMPRINT)
مكان الناشر او الموزع Harlow, England :
اسم الناشر او الموزع Pearson,
تاريخ النشر أو التوزيع 2013
300 ## - الوصف المادى
التعداد xi, 387 p. :
تفاصيل ماديه اخرى للوعاء ill. ;
أبعاد الوعاء 24 cm.
504 ## - تبصرة ببليوجرافية
تبصرة ببليوجرافية,الخ Includes bibliographical references and index.<br/>
650 ## - المدخل الاضافى بالموضوع-مصطلح موضوعى
مصطلح موضوعي أو اسم جغرافي كعنصر مدخل Language and languages
التقسيم الفرعي العام Study and teaching
-- Computer-assisted instruction
9 (RLIN) 45442
650 ## - المدخل الاضافى بالموضوع-مصطلح موضوعى
مصطلح موضوعي أو اسم جغرافي كعنصر مدخل Language and languages
التقسيم الفرعي العام Study and teaching
-- Technological innovations
9 (RLIN) 45443
650 ## - المدخل الاضافى بالموضوع-مصطلح موضوعى
مصطلح موضوعي أو اسم جغرافي كعنصر مدخل Language and languages
التقسيم الفرعي العام Study and teaching
-- Computer network resources
9 (RLIN) 35617
650 ## - المدخل الاضافى بالموضوع-مصطلح موضوعى
مصطلح موضوعي أو اسم جغرافي كعنصر مدخل Internet literacy
650 ## - المدخل الاضافى بالموضوع-مصطلح موضوعى
مصطلح موضوعي أو اسم جغرافي كعنصر مدخل Computer literacy
9 (RLIN) 17994
650 ## - المدخل الاضافى بالموضوع-مصطلح موضوعى
مصطلح موضوعي أو اسم جغرافي كعنصر مدخل Internet in education
9 (RLIN) 4848
700 1# - المدخل الاضافى - اسم شخصى
الإسم الشخصى Hockly, Nicky
9 (RLIN) 45444
700 1# - المدخل الاضافى - اسم شخصى
الإسم الشخصى Pegrum, Mark,
التواريخ المصاحبة للاسم 1969-
9 (RLIN) 45445
942 ## -
-- ddc
-- BOOK
999 ## -
-- 35208
-- 269708
المقتنيات
حالة الفقد نموذج السعر الفعال حالة تلف ليس للاعارة رقم الطلب رقم النسخة تاريخ الاكتساب مصدر التزويد Serial Enumeration / chronology الباركود الفرع الرئيسي Date last seen نوع المادة فى نظام كوها مصدر التصنيف او خطة الترفيف Total Checkouts Total Renewals Date last checked out
  2014-05-19   Not For Loan 302.231071 DGD 1 2014-05-19 دار العرب CL 00211101 المكتبة المركزية بالمجمعة (CL) 2014-05-19 كتاب Dewey Decimal Classification      
  2014-05-19     302.231071 DGD 2 2014-05-19 دار العرب CL 00211100 المكتبة المركزية بالمجمعة (CL) 2014-05-19 كتاب Dewey Decimal Classification      
  2014-05-19     302.231071 DGD 3 2014-05-19 دار العرب CL 00211099 المكتبة المركزية بالمجمعة (CL) 2021-05-06 كتاب Dewey Decimal Classification 1 1 2014-08-26